| 000 | 00935nam a2200229 a 4500 | ||
|---|---|---|---|
| 001 | BRCA_152 | ||
| 005 | 20190320202913.0 | ||
| 008 | 910828r19901901mx-#---##b---#001-0#spa-# | ||
| 040 |
_aDLC _cDLC |
||
| 050 | 4 |
_aF1226 _b.B53 1990 |
|
| 100 | 1 |
_aGarcía, Genaro _d1867-1920 _9453 |
|
| 245 | 1 | 0 |
_aCarácter de la conquista española en América y en México _bsegún los textos de los historiadores primitivos _cGenaro García ; prólogo de Andrés Henestrosa. |
| 260 |
_aMéxico _bBiblioteca Mexicana de la Fundación Miguel Alemán _c1990 |
||
| 300 |
_axxiii, 456, xv, 30 p. _c23 cm. |
||
| 500 | _aFacsímil de: México : Oficina Tip. de la Secretaría de Fomento, 1901 | ||
| 500 | _aIncluye índice onomástico | ||
| 504 | _aBibliografía: p. [399]-451 | ||
| 651 | 4 |
_aAmérica Latina _xHistoria _ya 1600. _9583 |
|
| 651 | 4 |
_aAmérica _xDescubrimiento y exploración _9584 |
|
| 700 | 1 |
_aHenestrosa, Andrés _d1906-2008 _9585 |
|
| 942 |
_2lcc _cB |
||
| 999 |
_c131 _d131 |
||